|
|
|
|
| LEADER |
00000naa2a2200000 4500 |
| 001 |
517666 |
| 005 |
20240212130455.0 |
| 035 |
|
|
|a (RuTPU)RU\TPU\prd\195882
|
| 035 |
|
|
|a RU\TPU\prd\167804
|
| 090 |
|
|
|a 517666
|
| 100 |
|
|
|a 20130918a2007 k y0rusy50 ca
|
| 101 |
0 |
|
|a rus
|
| 102 |
|
|
|a RU
|
| 200 |
1 |
|
|a Параметры импульсных ионных пучков для обеспечения максимальных коэффициентов эрозии поверхности металлов
|f Г. А. Блейхер, В. П. Кривобоков, О. М. Степанова
|
| 320 |
|
|
|a Библиогр.: с. 36 (7 назв.)
|
| 330 |
|
|
|a Выполнено исследование эрозии поверхности металлов под действием импульсных ионных пучков с помощью двухфазной модели испарения. Рассчитаны значения коэффициентов эрозии в результате испарения для алюминия, железа и меди при облучении субмикросекундными пучками ионов углерода с начальной энергией частиц в диапазоне от 10 до 1000 кэВ. Определены значения энергии ионов и плотности тока пучка, при которых происходит наиболее эффективное эрозионное воздействие.
|
| 461 |
|
1 |
|0 (RuTPU)RU\TPU\prd\191
|t Известия вузов. Физика
|f Министерство общего и профессионального образования Российской Федерации ; Томский Госуниверситет
|d 1958-
|
| 463 |
|
0 |
|0 (RuTPU)RU\TPU\prd\77768
|t Т. 50, № 5
|v С. 31-36
|d 2007
|
| 610 |
1 |
|
|a труды учёных ТПУ
|
| 610 |
1 |
|
|a ионные пучки
|
| 610 |
1 |
|
|a металлы
|
| 610 |
1 |
|
|a поверхности
|
| 610 |
1 |
|
|a эрозия
|
| 700 |
|
1 |
|a Блейхер
|b Г. А.
|c физик
|c профессор Томского политехнического университета, доктор физико-математических наук
|f 1961-
|g Галина Алексеевна
|3 (RuTPU)RU\TPU\pers\28948
|9 13681
|
| 701 |
|
1 |
|a Кривобоков
|b В. П.
|c физик
|c профессор Томского политехнического университета, доктор физико-математических наук
|f 1948-
|g Валерий Павлович
|3 (RuTPU)RU\TPU\pers\21971
|4 070
|9 9290
|
| 701 |
|
1 |
|a Степанова
|b О. М.
|c специалист в области атомной энергетики
|c старший научный сотрудник Томского политехнического университета, кандидат физико-математических наук
|f 1982-
|g Ольга Михайловна
|3 (RuTPU)RU\TPU\pers\31298
|4 070
|
| 801 |
|
1 |
|a RU
|b 63413507
|c 20130207
|
| 801 |
|
2 |
|a RU
|b 63413507
|c 20160314
|g RCR
|
| 942 |
|
|
|c BK
|